| 000 | 00382nam a22001577a 4500 | ||
|---|---|---|---|
| 003 | OSt | ||
| 008 | 240323b |||||||| |||| 00| 0 eng d | ||
| 020 | _a9789355322142 | ||
| 082 | _a005.133 THD | ||
| 100 | _aTHAREJA, Reema. | ||
| 245 | _aData Science and Machine Learning using Python | ||
| 250 | _a2nd Ed | ||
| 260 |
_aNew Delhi _bTMH _c2023 |
||
| 300 | _a621 | ||
| 942 |
_2ddc _cREF |
||
| 999 |
_c12282 _d12282 |
||